002690000a220008500045001000029000007000029000292450079000580410013001377730033001501 aAlvarez Buylla, Elena R.1 aMartínez Ramos, Miguel10aSeed bank versus seed rain in the regeneration of a tropical pioneer tree0 aInglés1 tOecologiaq314-325d1990g84